LIBRARY & INFORMATION CENTRE, KCAET, TAVANUR

ONLINE PUBLIC ACCESS CATALOGUE (OPAC)

Information handling in libraries in 21st century / (Record no. 10789)

MARC details
000 -LEADER
fixed length control field 00496cam a2200193ua 4500
041 ## - LANGUAGE CODE
Language code of text/sound track or separate title eng
082 ## - DEWEY DECIMAL CLASSIFICATION NUMBER
Classification number 020
Item number SHA/IN
100 ## - MAIN ENTRY--AUTHOR NAME
Personal name Sharma, R K .
245 ## - TITLE STATEMENT
Title Information handling in libraries in 21st century /
250 ## - EDITION STATEMENT
Edition statement 1 /
260 ## - PUBLICATION, DISTRIBUTION, ETC. (IMPRINT)
Place of publication New Delhi :
Name of publisher Ess Ess Publications ,
Year of publication 1989.
300 ## - PHYSICAL DESCRIPTION
Number of Pages 145 ; .
700 1# - ADDED ENTRY--PERSONAL NAME
Personal name Tripathi, B P .
942 ## - ADDED ENTRY ELEMENTS (KOHA)
Koha item type Books
Holdings
Withdrawn status Lost status Damaged status Home library Current library Date acquired Full call number Accession Number Koha item type
      KAUAET KAUAET 07/04/2012 020 19116 Reference
free website counter